|
|
|
|
| LEADER |
00000cas a2200000 a 4500 |
| 001 |
vtls008883153 |
| 003 |
SK-MaSNL |
| 005 |
20260228162120.0 |
| 008 |
150311d19671989xo mr|p 0 0 b0slo c |
| 022 |
|
|
|a 0323-0430
|
| 035 |
|
|
|a (SVKBB03)vtls000127913
|
| 040 |
|
|
|a SVKBB
|b slo
|c SVKBB
|d SNK
|e AACR2
|
| 041 |
0 |
|
|a slo
|
| 044 |
|
|
|a xo
|c SK
|
| 072 |
|
7 |
|a 316.3
|x Globálne spoločnosti. Sociálna štruktúra. Sociálne skupiny
|2 konspekt
|
| 072 |
|
7 |
|a 331
|x Práca
|2 konspekt
|
| 072 |
|
7 |
|a 061.2
|x Nevládne organizácie a kooperácia
|2 konspekt
|
| 080 |
|
|
|a 050
|2 2001
|
| 080 |
|
|
|a 316.346.2-055.2
|2 2001
|
| 080 |
|
|
|a 331.105.44
|2 2001
|
| 080 |
|
|
|a 061.2-055.2
|2 2001
|
| 210 |
0 |
|
|a Funkcionárka
|b (Bratisl.)
|
| 222 |
|
0 |
|a Funkcionárka
|b (Bratislava)
|
| 245 |
0 |
0 |
|a Funkcionárka
|
| 260 |
|
|
|a Bratislava
|b Slovenský výbor ČSŽ
|c 1967-1989
|
| 300 |
|
|
|a 23 zv.
|c 20-32 cm
|
| 310 |
|
|
|a 1x mesačne
|
| 362 |
0 |
|
|a Č. 1 (1967)-roč. XXII, č. 12 (1989)
|
| 500 |
|
|
|a Podnázov sa mení
|
| 500 |
|
|
|a Vydavatelia sa menia
|
| 610 |
2 |
7 |
|a Slovenský zväz žien.
|b Ústredný výbor
|2 SNKKA
|9 84369
|
| 650 |
0 |
7 |
|a ženy
|2 SNKPH
|9 4865
|
| 650 |
0 |
7 |
|a odbory
|2 SNKPH
|9 2328
|
| 650 |
0 |
7 |
|a ženské spolky
|2 SNKPH
|9 73229
|
| 655 |
|
7 |
|a špecializované časopisy
|2 SNKPH
|9 70509
|
| 852 |
|
|
|a Štátna vedecká knižnica v Banskej Bystrici
|
| 910 |
|
|
|a snk
|
| 916 |
|
|
|a 1967-1989
|
| 958 |
|
|
|a OND
|
| 999 |
|
|
|c 6845
|d 8775
|
| 952 |
|
|
|0 0
|1 0
|3 rekatalogizácia
|4 0
|7 0
|a SNK
|b SNK
|d 2007-12-28
|f 1
|i snkČSP 326/78
|l 0
|o snkČSB 1713/1978
|p 17A0568743
|r 2026-02-21 20:28:11
|t č. 1-12
|w 2026-02-21
|y PREZ
|
| 952 |
|
|
|0 0
|1 0
|4 0
|7 0
|a SNK
|b SNK
|d 2014-02-21
|i snkČSP 542/71
|l 0
|o snkČSB 1713/1969 D1
|p 17A1024017
|r 2026-02-21 20:32:07
|t č. 1-12
|w 2026-02-21
|y PREZ
|
| 952 |
|
|
|0 0
|1 0
|4 0
|7 0
|a SNK
|b SNK
|d 2014-02-21
|i snkČSP 63/69
|l 0
|o snkČSB 1713/1967 D1
|p 17A1024019
|r 2026-02-21 20:32:07
|t č. 1-2
|w 2026-02-21
|y PREZ
|
| 952 |
|
|
|0 0
|1 0
|4 0
|7 0
|a SNK
|b SNK
|d 2001-03-20
|i snkČSP 3668/88
|l 0
|o snkČSB 1713/20/1987 D1
|p 17A0294009
|r 2005-01-02 00:00:00
|t č. 1-12
|w 2026-02-21
|y PREZ
|
| 952 |
|
|
|0 0
|1 0
|4 0
|7 0
|a SNK
|b SNK
|d 2008-03-05
|f 1
|i snkČSP 317/72
|l 0
|o snkČSB 1713/1971
|p 17A0579523
|r 2026-02-21 20:49:03
|t č. 1-12
|w 2026-02-21
|y PREZ
|
| 952 |
|
|
|0 0
|1 0
|4 0
|7 0
|a SNK
|b SNK
|d 2015-02-23
|f 1
|i snkČSP 62/69
|l 0
|o snkČSB 1713/1967
|p 17A0775362
|r 2026-02-21 21:04:35
|t č. 1-2
|w 2026-02-21
|y PREZ
|
| 952 |
|
|
|0 0
|1 0
|4 0
|7 0
|a SNK
|b SNK
|d 2015-02-23
|f 1
|i snkČSP 543/71
|l 0
|o snkČSB 1713/1970
|p 17A0775372
|r 2026-02-21 21:04:35
|t č. 1-12
|w 2026-02-21
|y PREZ
|
| 952 |
|
|
|0 0
|1 0
|4 0
|7 0
|a SNK
|b SNK
|d 2015-02-24
|f 1
|i snkČSP 301/73
|l 0
|o snkČSB 1713/1972
|p 17A0775371
|r 2026-02-21 21:04:40
|t č. 1-12
|w 2026-02-21
|y PREZ
|
| 952 |
|
|
|0 0
|1 0
|4 0
|7 0
|a SNK
|b SNK
|d 2015-02-24
|f 1
|i snkČSP 304/77
|l 0
|o snkČSB 1713/1976
|p 17A0775369
|r 2026-02-21 21:04:40
|t č. 1-12
|w 2026-02-21
|y PREZ
|
| 952 |
|
|
|0 0
|1 0
|4 0
|7 0
|a SNK
|b SNK
|d 2015-02-24
|f 1
|i snkČSP 496/77
|l 0
|o snkČSB 1713/1977
|p 17A0775368
|r 2026-02-21 21:04:40
|t č. 1-12
|w 2026-02-21
|y PREZ
|
| 952 |
|
|
|0 0
|1 0
|4 0
|7 0
|a SNK
|b SNK
|d 2015-02-24
|f 1
|i snkČSP 387/80
|l 0
|o snkČSB 1713/1979
|p 17A0775367
|r 2026-02-21 21:04:40
|t č. 1-12
|w 2026-02-21
|y PREZ
|
| 952 |
|
|
|0 0
|1 0
|4 0
|7 0
|a SNK
|b SNK
|d 2015-02-24
|f 1
|i snkČSP 207/86
|l 0
|o snkČSB 1713/18/1985
|p 17A0857743
|r 2026-02-21 21:04:40
|t č. 1-12
|w 2026-02-21
|y PREZ
|
| 952 |
|
|
|0 0
|1 0
|4 0
|7 0
|a SNK
|b SNK
|d 2015-02-24
|f 1
|i snkČSP 3667/88
|l 0
|o snkČSB 1713/20/1987
|p 17A0857619
|r 2026-02-21 21:04:40
|t č. 1-12
|w 2026-02-21
|y PREZ
|
| 952 |
|
|
|0 0
|1 0
|4 0
|7 0
|a SNK
|b SNK
|d 2002-02-01
|f 1
|i snkČSP 863/70
|l 0
|o snkČSB 1713/1969
|p 17A0330744
|r 2005-01-02 00:00:00
|t č. 1-12
|w 2026-02-21
|y PREZ
|
| 952 |
|
|
|0 0
|1 0
|4 0
|7 0
|a SNK
|b SNK
|d 2002-05-28
|f 1
|i snkČSP 245/76
|l 0
|o snkČSB 1713/1975
|p 17A0344560
|r 2005-01-02 00:00:00
|t č. 1-12
|w 2026-02-21
|y PREZ
|
| 952 |
|
|
|0 0
|1 0
|4 0
|7 0
|a SNK
|b SNK
|d 2002-05-28
|f 1
|i snkČSP 41/74
|l 0
|o snkČSB 1713/1973
|p 17A0344561
|r 2005-01-02 00:00:00
|t č. 1-12
|w 2026-02-21
|y PREZ
|
| 952 |
|
|
|0 0
|1 0
|4 0
|7 0
|a SNK
|b SNK
|d 2002-05-28
|l 0
|o snkČSB 1713/1973 D1
|p 17A0344401
|r 2005-01-02 00:00:00
|t č. 1-12
|w 2026-02-21
|y PREZ
|
| 952 |
|
|
|0 0
|1 0
|4 0
|7 0
|a SNK
|b SNK
|d 2003-02-17
|f 1
|i snkČSP 1271/75
|l 0
|o snkČSB 1713/1974
|p 17A0373852
|r 2005-01-02 00:00:00
|t č. 1-12
|w 2026-02-21
|y PREZ
|
| 952 |
|
|
|0 0
|1 0
|3 rekatalogizácia
|4 0
|7 0
|a SNK
|b SNK
|d 2005-01-18
|f 1
|i snkČSP 685/69
|l 0
|o snkČSB 1713/1968
|p 17A0454718
|r 2026-02-21 21:10:23
|t č. 1-12
|w 2026-02-21
|y PREZ
|
| 952 |
|
|
|0 0
|1 0
|4 0
|7 0
|a SNK
|b SNK
|d 1998-10-08
|f 1
|i snkČSP 717/83
|l 0
|o snkČSB 1713/1982
|p 17A0164869
|r 2005-01-02 00:00:00
|t č. 1-12
|w 2026-02-21
|y PREZ
|
| 952 |
|
|
|0 0
|1 0
|4 0
|7 0
|a SNK
|b SNK
|d 2002-05-29
|f 1
|i snkČSP 396/81
|l 0
|o snkČSB 1713/1980
|p 17A0344483
|r 2005-01-02 00:00:00
|t č. 1-12
|w 2026-02-21
|y PREZ
|
| 952 |
|
|
|0 0
|1 0
|4 0
|7 0
|a SNK
|b SNK
|d 2002-11-08
|f 1
|i snkČSP 353/82
|l 0
|o snkČSB 1713/1981
|p 17A0362796
|r 2005-01-02 00:00:00
|t č. 1-12
|w 2026-02-21
|y PREZ
|
| 952 |
|
|
|0 0
|1 0
|4 0
|7 0
|a SNK
|b SNK
|d 1998-10-08
|f 1
|i snkČSP 977/90
|l 0
|o snkČSB 1713/22/1989
|p 17A0164877
|r 2005-01-02 00:00:00
|t č. 1-12
|w 2026-02-21
|y PREZ
|
| 952 |
|
|
|0 0
|1 0
|4 0
|7 0
|a SNK
|b SNK
|d 2002-01-31
|f 1
|i snkČSP 543/87
|l 0
|o snkČSB 1713/19/1986
|p 17A0330583
|r 2005-01-02 00:00:00
|t č. 1-12
|w 2026-02-21
|y PREZ
|
| 952 |
|
|
|0 0
|1 0
|4 0
|7 0
|a SNK
|b SNK
|d 2002-11-08
|f 1
|i snkČSP 461/84
|l 0
|o snkČSB 1713/16/1983
|p 17A0362424
|r 2005-01-02 00:00:00
|t č. 1-12
|w 2026-02-21
|y PREZ
|
| 952 |
|
|
|0 0
|1 0
|4 0
|7 0
|a SNK
|b SNK
|d 1999-03-01
|f 1
|i snkČSP 583/89
|l 0
|o snkČSB 1713/21/1988
|p 17A0182445
|r 2005-01-02 00:00:00
|t č. 1-12
|w 2026-02-21
|y PREZ
|
| 952 |
|
|
|0 0
|1 0
|4 0
|7 0
|a SNK
|b SNK
|d 2009-01-14
|f 1
|i snkČSP 1878/84
|l 0
|o snkČSB 1713/17/1984
|p 17A0606792
|r 2026-02-21 21:30:04
|t č. 1-12
|w 2026-02-21
|y PREZ
|
| 952 |
|
|
|0 0
|1 0
|4 0
|7 0
|a SNK
|b SNK
|d 2015-12-02
|i snkČSP 388/80
|l 0
|o snkČSB 1713/1979 D1
|p 17A1149097
|r 2026-02-21 21:46:44
|t č. 1-12, úplný
|w 2026-02-21
|y PREZ
|
| 952 |
|
|
|0 0
|1 0
|4 0
|7 0
|a SNK
|b SNK
|d 2018-05-17
|i snkČSP 538/70
|l 0
|o snkČSB 1713/1968 D1
|p 17A1153845
|r 2026-02-21 22:05:35
|t č. 1-12
|w 2026-02-21
|y PREZ
|